[Event "ch-FRA Blitz Online Qual"]
[Site "Europe-Chess INT"]
[Date "2020.05.16"]
[Round "12"]
[White "Blanchard, Samuel"]
[Black "Robine, Guillaume"]
[Result "1-0"]
[WhiteElo "1921"]
[BlackElo "1571"]
[WhiteFideId "36023990"]
[BlackFideId "45127352"]
[EventDate "2020.05.16"]

1. e4 d5 2. exd5 Nf6 3. Nf3 Bg4 4. Be2 Qxd5 5. O-O Nc6 6. h3 h5 7. c4 Qf5 8. d4
O-O-O 9. d5 e6 10. Nc3 Bxf3 11. Bxf3 Ne5 12. Be2 g5 13. Qb3 g4 14. h4 Nf3+ 15.
Kh1 Nd4 16. Qd1 Nxe2 17. Qxe2 exd5 18. Bg5 Bd6 19. Nxd5 Nxd5 20. Bxd8 Nf4 21.
Qe3 Rxd8 22. g3 Ne6 23. Rad1 Bc5 24. Rxd8+ Kxd8 25. Rd1+ Kc8 26. Qd2 Qf3+ 27.
Kg1 Qxg3+ 28. Kf1 Qh3+ 29. Ke1 Qh1+ 30. Ke2 Nf4+ 31. Qxf4 Qc6 32. Qf5+ Kb8 33.
Rd8# 1-0

[Event "ch-FRA Blitz Online Qual"]
[Site "Europe-Chess INT"]
[Date "2020.05.16"]
[Round "12"]
[White "Eveno, Nathan"]
[Black "Bonelli Maestracci, Pierre Joseph"]
[Result "1-0"]
[WhiteElo "2069"]
[BlackElo "1545"]
[WhiteFideId "45132178"]
[BlackFideId "45172870"]
[EventDate "2020.05.16"]

1. e4 c5 2. Nf3 d6 3. c3 Nf6 4. h3 Bd7 5. Bd3 g6 6. Bc2 Bg7 7. d4 cxd4 8. cxd4
O-O 9. Nc3 Nc6 10. O-O e6 11. Bg5 Qc7 12. Rc1 Rac8 13. Qd2 Qb8 14. Rfd1 Ne8 15.
d5 Ne5 16. Nxe5 Bxe5 17. Be7 exd5 18. Bxf8 Kxf8 19. Nxd5 Be6 20. Qh6+ Bg7 21.
Qxh7 Bxd5 22. exd5 Nf6 23. Qh4 Rc5 24. Bb3 Qc7 25. Rxc5 Qxc5 26. Qc4 Nd7 27. Qe2
Ne5 28. Qd2 Kg8 29. Rc1 Qb6 30. Qe3 Qd8 31. f4 Nd7 32. Qxa7 Nc5 33. Re1 Bd4+ 34.
Kh1 Nxb3 35. Qa4 Qf6 36. Qxb3 Qxf4 37. Qf3 Qg5 38. Rf1 Qe7 39. b4 Bg7 40. a4 Qc7
41. a5 Qe7 42. b5 Bd4 43. a6 bxa6 44. bxa6 Bc5 45. Rc1 Qa7 46. Qd3 Kg7 47. Qb5
Kh7 48. Qb7 Kg7 49. Qxa7 Bxa7 50. Rc7 Bb6 51. Rb7 Bc5 52. a7 Bxa7 53. Rxa7 Kf6
54. Kh2 Ke5 55. Rxf7 Kxd5 56. Rg7 g5 57. Rxg5+ Ke4 1-0

[Event "ch-FRA Blitz Online Qual"]
[Site "Europe-Chess INT"]
[Date "2020.05.16"]
[Round "12"]
[White "Benayoun, Omri"]
[Black "Spano, Remy"]
[Result "0-1"]
[WhiteElo "1901"]
[BlackElo "1662"]
[WhiteFideId "45113807"]
[BlackFideId "26092948"]
[EventDate "2020.05.16"]

1. d4 Nf6 2. Nf3 c5 3. d5 g6 4. Nc3 Bg7 5. e4 d6 6. Bb5+ Nbd7 7. a4 O-O 8. O-O
a6 9. Be2 b6 10. h3 Rb8 11. Nd2 b5 12. axb5 axb5 13. Bxb5 Ne5 14. f4 Ned7 15.
Qe2 Nb6 16. Nc4 Bd7 17. Bxd7 Nfxd7 18. Kh1 Nxc4 19. Qxc4 Nb6 20. Qe2 Ra8 21.
Rxa8 Qxa8 22. Be3 Rb8 23. f5 Nd7 24. fxg6 fxg6 25. Bg5 Rxb2 26. Qf3 Bf6 27. Bxf6
Nxf6 28. Qd3 Qb8 29. Nd1 Rb1 30. g4 Qb4 31. g5 Qxe4+ 32. Qxe4 Nxe4 33. Ne3 Rxf1+
34. Nxf1 Nxg5 35. Kg2 Kf7 36. Ne3 Ne4 37. c4 Nd2 38. Kg3 e6 39. dxe6+ Kxe6 40.
Kg4 Ke5 41. Kg5 Ke4 42. Nd5 Nxc4 43. Nf6+ Ke3 44. Nxh7 d5 45. Kxg6 d4 46. h4 d3
47. Nf6 d2 48. Ng4+ Kf3 49. Nh2+ Kg2 0-1

[Event "ch-FRA Blitz Online Qual"]
[Site "Europe-Chess INT"]
[Date "2020.05.16"]
[Round "12"]
[White "Desarmaux-Do, Yanis-Huy"]
[Black "Mataigne, Jean-Michel"]
[Result "1-0"]
[WhiteElo "1803"]
[BlackElo "1900"]
[WhiteFideId "45118299"]
[BlackFideId "618250"]
[EventDate "2020.05.16"]

1. Nf3 Nf6 2. g3 g6 3. b3 Bg7 4. Bb2 O-O 5. Bg2 d6 6. d4 c5 7. O-O Ne4 8. Nfd2
Nxd2 9. Qxd2 Nc6 10. c3 cxd4 11. cxd4 d5 12. e3 Bf5 13. Nc3 Rc8 14. Nxd5 e5 15.
Ba3 Re8 16. e4 Be6 17. dxe5 Nxe5 18. Rad1 Bxd5 19. exd5 Qf6 20. d6 Rcd8 21. Bxb7
Nf3+ 22. Bxf3 Qxf3 23. d7 Re2 24. Qg5 Qa8 25. Be7 Rxd7 26. Rxd7 1-0

[Event "ch-FRA Blitz Online Qual"]
[Site "Europe-Chess INT"]
[Date "2020.05.16"]
[Round "12"]
[White "Buttard, Axel"]
[Black "Delabre, Gaspard"]
[Result "0-1"]
[WhiteElo "1883"]
[BlackElo "1449"]
[WhiteFideId "36052523"]
[BlackFideId "36076627"]
[EventDate "2020.05.16"]

1. d4 d6 2. Bf4 Nf6 3. Nc3 c6 4. e4 Nbd7 5. Qd2 e5 6. Be3 Be7 7. h4 a5 8. a4 Nb6
9. Nf3 Qc7 10. dxe5 dxe5 11. Nxe5 Qxe5 12. Bxb6 O-O 13. f3 Bb4 14. O-O-O c5 15.
Bd8 Nd7 16. Bg5 Nb6 17. Bb5 Be6 18. Bf4 Qf6 19. e5 Qe7 20. Qe3 Nc4 21. Qe2 Bxc3
22. Bxc4 Bd4 23. c3 Bxc4 24. Qxc4 Bxe5 25. Rhe1 Bxf4+ 26. Qxf4 Qf6 27. h5 Qxf4+ 0-1

[Event "ch-FRA Blitz Online Qual"]
[Site "Europe-Chess INT"]
[Date "2020.05.16"]
[Round "12"]
[White "Hsu, Victor"]
[Black "Afraoui, Solenn"]
[Result "0-1"]
[WhiteElo "1476"]
[BlackElo "1889"]
[WhiteFideId "551034107"]
[BlackFideId "625167"]
[EventDate "2020.05.16"]

1. d4 f5 2. f4 Nf6 3. Nf3 d6 4. e3 e6 5. c4 Be7 6. Nc3 O-O 7. Bd3 b6 8. Qc2 Bb7
9. Bd2 a5 10. O-O-O Nc6 11. h3 Nb4 12. Qb1 Nxd3+ 13. Qxd3 Ne4 14. d5 Nf2 0-1

[Event "ch-FRA Blitz Online Qual"]
[Site "Europe-Chess INT"]
[Date "2020.05.16"]
[Round "12"]
[White "Kollar, Guillaume"]
[Black "Bellahcene, Meriem"]
[Result "0-1"]
[WhiteElo "1439"]
[BlackElo "1936"]
[WhiteFideId "36001732"]
[BlackFideId "20655347"]
[EventDate "2020.05.16"]

1. e4 d6 2. d4 Nf6 3. Nc3 Nbd7 4. Bd3 e5 5. d5 Be7 6. Nf3 O-O 7. O-O Nc5 8. Re1
Bg4 9. Be2 Ncxe4 10. Nxe4 Nxe4 11. h3 Bxf3 12. Bxf3 Nf6 13. Bg5 Nd7 14. Bxe7
Qxe7 15. c4 Nb6 16. b3 f5 17. Qc2 Qg5 18. g3 Nd7 19. Qc1 Qg6 20. Qd1 f4 21. Bh5
Qg5 22. h4 Qf6 23. Qf3 fxg3 24. Qxg3 Qf4 25. Kg2 a5 26. Bf3 Rf6 27. Re4 Qxg3+
28. fxg3 Raf8 29. Rf1 Nc5 30. Re3 e4 31. Be2 Rxf1 32. Bxf1 g6 33. Be2 Kg7 34.
Bg4 Kf6 35. h5 Ke5 36. hxg6 hxg6 37. Kh3 Kd4 38. Re2 e3 39. Be6 Kd3 40. Re1 e2
41. Bg4 Rf2 42. Bxe2+ Rxe2 43. Rxe2 Kxe2 44. g4 Kf3 45. Kh4 Kf4 46. g5 Kf5 47.
Kg3 Kxg5 0-1

[Event "ch-FRA Blitz Online Qual"]
[Site "Europe-Chess INT"]
[Date "2020.05.16"]
[Round "12"]
[White "Condat, Hugo"]
[Black "Ogier, Arnaud"]
[Result "1-0"]
[WhiteElo "1961"]
[BlackElo "1569"]
[WhiteFideId "26027402"]
[BlackFideId "45196494"]
[EventDate "2020.05.16"]

1. e4 c5 2. Nf3 Nc6 3. Bb5 g6 4. Bxc6 bxc6 5. c3 Bg7 6. d4 cxd4 7. cxd4 d5 8. e5
e6 9. O-O h6 10. Qa4 Bd7 11. Qa3 Ne7 12. Nc3 O-O 13. Na4 f6 14. Nc5 Qc7 15. Na6
Qb7 16. Qxe7 Qxa6 17. Qxd7 Rab8 18. Qxe6+ Kh7 19. b3 Rfe8 20. Qh3 Qb6 21. exf6
Bxf6 22. Qxh6+ Kg8 23. Qxg6+ 1-0

[Event "ch-FRA Blitz Online Qual"]
[Site "Europe-Chess INT"]
[Date "2020.05.16"]
[Round "12"]
[White "Le Bas, Alexis"]
[Black "Moindjie, Nassuf"]
[Result "1-0"]
[WhiteElo "1889"]
[BlackElo "1471"]
[WhiteFideId "651087"]
[BlackFideId "551098237"]
[EventDate "2020.05.16"]

1. e4 c5 2. Nc3 Nc6 3. f4 g6 4. Nf3 Bg7 5. Bc4 e6 6. d3 Nge7 7. O-O d5 8. Bb3
O-O 9. a3 Nd4 10. Nxd4 Bxd4+ 11. Kh1 dxe4 12. Nxe4 Nf5 13. c3 Be3 14. Qe2 Bxc1
15. Raxc1 b6 16. Rcd1 Bb7 17. Kg1 Qc7 18. Bc2 Rad8 19. Qf2 1-0

[Event "ch-FRA Blitz Online Qual"]
[Site "Europe-Chess INT"]
[Date "2020.05.16"]
[Round "12"]
[White "Roussel, Matthieu"]
[Black "Quartararo, Pierre"]
[Result "0-1"]
[WhiteElo "1577"]
[BlackElo "1909"]
[WhiteFideId "36070009"]
[BlackFideId "614491"]
[EventDate "2020.05.16"]

1. e4 c5 2. Nf3 d6 3. d4 cxd4 4. Nxd4 Nf6 5. Nc3 a6 6. f3 Qc7 7. Be3 e6 8. Qd2
Be7 9. O-O-O O-O 10. g4 Nc6 11. h4 b5 12. h5 b4 13. Nxc6 Qxc6 14. Nb1 Bb7 15. g5
Nd7 16. g6 Rac8 17. gxh7+ Kh8 18. h6 g6 19. Bd3 Ne5 20. Bd4 Bf6 21. f4 Nxd3+ 22.
Qxd3 Bxd4 23. Qxd4+ e5 24. Qd3 Qxe4 25. Qxe4 Bxe4 26. Rh2 exf4 27. Rxd6 Rc7 28.
Rf6 Kxh7 29. Rxf4 f5 30. Nd2 Rxc2+ 31. Kd1 Rxb2 32. Re2 Rd8 33. Ke1 Rxa2 34.
Nxe4 Rxe2+ 35. Kxe2 fxe4 36. Rxe4 a5 37. Re5 Ra8 38. Kd2 Kxh6 39. Kc2 g5 40. Kb3
Kh5 41. Rb5 Kh4 42. Ka4 g4 43. Rf5 g3 44. Rf7 g2 45. Rg7 Kh3 46. Rh7+ Kg3 47.
Rg7+ Kf2 48. Rf7+ Ke1 49. Rg7 Kf1 50. Rf7+ Kg1 51. Rg7 Rb8 52. Kxa5 b3 53. Ka4
b2 54. Ka3 b1=Q 0-1

[Event "ch-FRA Blitz Online Qual"]
[Site "Europe-Chess INT"]
[Date "2020.05.16"]
[Round "12"]
[White "Giblin, Martin"]
[Black "Capouilliet, Sylvain"]
[Result "1/2-1/2"]
[WhiteElo "1428"]
[BlackElo "1821"]
[WhiteFideId "45187053"]
[BlackFideId "660337"]
[EventDate "2020.05.16"]

1. Nf3 d5 2. c4 d4 3. e3 c5 4. b4 dxe3 5. fxe3 cxb4 6. Qa4+ Nc6 7. d4 Bd7 8. Qc2
a5 9. Bd3 Nf6 10. O-O Qc7 11. Bb2 a4 12. Nbd2 a3 13. Bc1 e5 14. dxe5 Nxe5 15.
Nb3 Nxd3 16. Qxd3 Be7 17. Bd2 O-O 18. Rab1 Rad8 19. Nbd4 Qa5 20. Nb3 Qh5 21. Qe2
Bg4 22. Nbd4 Ne4 23. Bxb4 Bxb4 24. Rxb4 Rfe8 25. Rxb7 Nc5 26. Rc7 Ne6 27. Nxe6
Rxe6 28. Rd1 Rde8 29. Rd3 Bf5 30. Rxa3 Bg4 31. Rd3 h6 32. Rcd7 Bxf3 33. Qxf3
Qxf3 34. gxf3 Rxe3 35. Rxe3 Rxe3 36. Kf2 Rc3 37. Rd4 Rc2+ 38. Ke3 Rxa2 39. c5
Rc2 40. Rd5 Kf8 41. h3 Ke7 42. Kd4 Ke6 43. Rd6+ Ke7 44. Rb6 f5 45. Rb7+ Kf6 46.
Rb6+ Ke7 47. Rb7+ Kf6 48. Rb6+ Kg5 49. Ke3 f4+ 50. Kd4 Kf5 51. Rb7 Kf6 52. Rb6+
Kg5 53. c6 Kf6 54. c7+ Ke7 55. Rb7 Kd7 56. c8=Q+ Kxc8 57. Rxg7 Rc6 58. Rf7 Rg6
59. Rxf4 Rg3 60. Ke4 Kd7 61. Rh4 Ke6 1/2-1/2

[Event "ch-FRA Blitz Online Qual"]
[Site "Europe-Chess INT"]
[Date "2020.05.16"]
[Round "12"]
[White "Janon, Nicolas"]
[Black "Mouret, Paul"]
[Result "0-1"]
[WhiteElo "1392"]
[BlackElo "1748"]
[WhiteFideId "36039136"]
[BlackFideId "36059170"]
[EventDate "2020.05.16"]

1. e4 d5 2. exd5 Nf6 3. Nc3 Nxd5 4. Nxd5 Qxd5 5. Nf3 Bg4 6. Be2 Nc6 7. h3 Bh5 8.
d3 e5 9. g4 Bg6 10. Bd2 O-O-O 11. Be3 e4 12. dxe4 Qxe4 13. Bd3 Bb4+ 14. Kf1 Qd5
15. Qe2 Ne5 16. Kg2 Nxd3 17. Rad1 Ne1+ 18. Rhxe1 Qc6 19. Rxd8+ Rxd8 20. c3 Ba5
21. Kg3 a6 22. Ne5 Qe4 23. Nxg6 Qxg6 24. Qf3 h5 25. Bf4 hxg4 26. hxg4 Rd3 27.
Re3 Rxe3 28. fxe3 Qe6 29. e4 Qxa2 30. Bg5 Qe6 31. Qf5 Qxf5 32. gxf5 Kd7 33. Kf4
Bb6 34. e5 Bf2 35. Ke4 Bc5 36. f6 gxf6 37. Bxf6 Be7 38. Bxe7 Kxe7 39. b4 Ke6 40.
c4 b6 41. Kd4 c6 42. Ke4 a5 43. c5 axb4 44. cxb6 Kd7 45. Kd4 c5+ 46. Kd5 b3 47.
e6+ fxe6+ 48. Kc4 b2 49. b7 b1=Q 50. Kxc5 Kc7 51. Kd4 Kxb7 52. Ke5 Qb5+ 53. Kf6
e5 54. Ke7 e4 55. Kf6 Qc5 56. Kf7 e3 57. Ke8 Qc7 58. Kf8 Kc6 59. Kg8 Kd6 60. Kf8
Ke6 61. Ke8 Qe7# 0-1

[Event "ch-FRA Blitz Online Qual"]
[Site "Europe-Chess INT"]
[Date "2020.05.16"]
[Round "12"]
[White "Goyer, Lionel"]
[Black "Daunay, Gabriel"]
[Result "0-1"]
[WhiteElo "1782"]
[BlackElo "1701"]
[WhiteFideId "20628706"]
[BlackFideId "45103321"]
[EventDate "2020.05.16"]

1. d4 Nf6 2. c4 g6 3. Nc3 d5 4. Bg5 Ne4 5. Nxe4 dxe4 6. e3 Bg7 7. Ne2 c5 8. Qd2
Nc6 9. d5 Ne5 10. Nc3 f5 11. Be2 O-O 12. O-O a6 13. Rfd1 Qc7 14. Rac1 h6 15. Bf4
g5 16. Bg3 Bd7 17. h4 Rad8 18. hxg5 hxg5 19. a3 Qb6 20. f4 exf3 21. Bf4 fxe2 22.
Qxe2 gxf4 23. exf4 Ng6 24. Qh5 Kf7 25. Re1 Rh8 26. Qe2 Nxf4 27. Qxe7+ Kg6 28.
Re3 Nh5 29. Rce1 Bf6 30. Re6 Bxe6 31. Rxe6 Qxb2 32. Rxf6+ Nxf6 0-1

[Event "ch-FRA Blitz Online Qual"]
[Site "Europe-Chess INT"]
[Date "2020.05.16"]
[Round "12"]
[White "Bourgeois, Ludovic"]
[Black "Vanneste, Axel"]
[Result "0-1"]
[WhiteElo "1748"]
[BlackElo "1413"]
[WhiteFideId "690678"]
[BlackFideId "36020192"]
[EventDate "2020.05.16"]

1. d4 e5 2. dxe5 Nc6 3. Nf3 Qe7 4. e3 Nxe5 5. Nc3 Nf6 6. Be2 g6 7. O-O Bg7 8. b3
c6 9. a4 d5 10. Ba3 Qe6 11. Ng5 Qd7 12. b4 O-O 13. b5 Re8 14. bxc6 bxc6 15. Rb1
h6 16. Nf3 Nxf3+ 17. Bxf3 Ba6 18. Re1 Rab8 19. Ne2 Ne4 20. Nd4 Nc3 21. Rxb8 Rxb8
22. Qd2 Nxa4 23. Qa5 Bb5 24. Nxb5 cxb5 25. Rd1 Nc3 26. Qxc3 Bxc3 27. Rxd5 Qe6
28. Rc5 b4 29. Bc1 Rc8 30. Ra5 Rc7 31. Bd5 Qb6 32. Ra2 Rc5 33. Bf3 Ra5 34. Rxa5
Qxa5 35. Bd5 Qa1 36. Bb3 Qxc1# 0-1

[Event "ch-FRA Blitz Online Qual"]
[Site "Europe-Chess INT"]
[Date "2020.05.16"]
[Round "12"]
[White "Weber, Richard"]
[Black "Le Bail, Stephane"]
[Result "0-1"]
[WhiteElo "1463"]
[BlackElo "1746"]
[WhiteFideId "644382"]
[BlackFideId "655368"]
[EventDate "2020.05.16"]

1. d4 d5 2. Nc3 Nf6 3. Bf4 Bf5 4. e3 e6 5. Bd3 Bg6 6. Nge2 Bd6 7. f3 Bxf4 8.
exf4 Nbd7 9. g3 O-O 10. O-O Bxd3 11. Qxd3 c5 12. Nb5 c4 13. Qd2 a6 14. Nbc3 b5
15. a3 Nb6 16. Kg2 Qd7 17. Nd1 a5 18. c3 b4 19. Ne3 b3 20. h3 h6 21. Ng4 Nxg4
22. hxg4 f5 23. g5 hxg5 24. fxg5 g6 25. f4 Rf7 26. Rh1 Rh7 27. Rxh7 Qxh7 28. Rh1
Qg7 29. Qe3 Kf7 30. Ng1 Rh8 31. Rxh8 Qxh8 32. Nf3 Na4 33. Ne5+ Kg7 34. Qe2 Qh5
35. Qd2 Kf8 36. Nc6 Ke8 37. Nxa5 Kd7 38. Nb7 Kc7 39. Nc5 Nxc5 40. dxc5 Kc6 41.
Qf2 Qg4 42. a4 Qd1 43. a5 Qc2 44. a6 Kc7 45. Kf3 Qd3+ 46. Qe3 Qe4+ 47. Kf2 Kb8
48. Qxe4 dxe4 49. Ke3 Ka7 50. g4 Kxa6 51. gxf5 exf5 52. Kd4 Kb7 53. Kxc4 Kc6 54.
Kd4 Kc7 55. Kc4 Kc6 56. Kd4 Kb5 57. c4+ Kc6 0-1

[Event "ch-FRA Blitz Online Qual"]
[Site "Europe-Chess INT"]
[Date "2020.05.16"]
[Round "12"]
[White "Flores, Victor"]
[Black "Hilton, Marc"]
[Result "1-0"]
[WhiteElo "1741"]
[BlackElo "1546"]
[WhiteFideId "45133492"]
[BlackFideId "36086983"]
[EventDate "2020.05.16"]

1. e4 c5 2. Nc3 d6 3. g3 Nf6 4. Bg2 Nc6 5. d3 Bg4 6. f3 Bd7 7. f4 Bg4 8. Nf3 Nd4
9. h3 Bxf3 10. Bxf3 Nxf3+ 11. Qxf3 e6 12. O-O Be7 13. e5 dxe5 14. fxe5 Nd5 15.
Qxf7+ Kd7 16. Nxd5 exd5 17. Qxd5+ Kc8 18. Qxd8+ Rxd8 19. Rf7 Bf8 20. Bf4 Rd7 21.
e6 Rxf7 22. exf7 Kd7 23. Re1 b6 24. g4 g6 25. Be5 Ke6 26. Bg3+ Kxf7 27. Kg2 Bg7
28. c3 Rd8 29. Re3 Bh6 30. Rf3+ Kg7 31. h4 Bc1 32. b3 Re8 33. Kh3 Re2 34. Rf2
Re3 35. d4 Rxc3 36. d5 Rd3 37. d6 Ba3 38. Re2 Kg8 39. Re8+ Kf7 40. Re7+ Kg8 41.
Rxa7 Bb4 42. d7 Be1 43. Ra8+ Kg7 44. d8=Q Rxg3+ 45. Kh2 Rxg4 46. Qf8# 1-0

[Event "ch-FRA Blitz Online Qual"]
[Site "Europe-Chess INT"]
[Date "2020.05.16"]
[Round "12"]
[White "Sayah-Hobon, Noah"]
[Black "Randrianarimanana, Alicia"]
[Result "0-1"]
[WhiteElo "1364"]
[BlackElo "1971"]
[WhiteFideId "551015609"]
[BlackFideId "36034738"]
[EventDate "2020.05.16"]

1. e4 c5 2. Nf3 Nf6 3. e5 Nd5 4. Bc4 Nb6 5. Bb3 c4 6. Bxc4 Nxc4 7. Qe2 Nb6 8.
O-O Nc6 9. d4 e6 10. Bg5 Be7 11. Bxe7 Qxe7 12. Nbd2 O-O 13. Qd3 h6 14. Ne4 Nd5
15. Nd6 b6 16. Rfe1 Ncb4 17. Qc4 Ba6 18. Qb3 Rfc8 19. c3 Nd3 20. Red1 N3f4 21.
g3 Nh3+ 22. Kg2 Ng5 23. Nxc8 Rxc8 24. Nxg5 Qxg5 25. Qa3 Bb7 26. Qxa7 Bc6 27. Kg1
Qh5 28. Qa3 Qh3 29. Qa6 Ne3 30. Qxc8+ Kh7 31. Qxc6 dxc6 32. fxe3 Qf5 33. Rf1 Qg6
34. Rf2 f6 35. exf6 gxf6 36. Raf1 f5 37. e4 fxe4 38. Rf6 Qg5 39. Rxe6 Qe3+ 40.
Rf2 Kg7 41. Re7+ Kg6 42. Re6+ Kg5 43. h4+ Kg4 44. Rg6+ Kh3 45. Kf1 Qd3+ 46. Kg1
Qd1+ 47. Rf1 Qe2 48. Rf2 Qe1+ 49. Rf1 Qe3+ 50. Rf2 Qc1+ 51. Rf1 Qxb2 52. Rf2
Qc1+ 53. Rf1 Qxc3 54. Rf2 Qxd4 55. Kf1 e3 56. Re2 Qd1+ 57. Re1 Qd3+ 58. Re2 Qxg6
59. Rxe3 Qb1+ 60. Re1 Qxa2 61. Re2 Qc4 62. Ke1 Kxg3 63. Re3+ Kxh4 64. Re2 b5 65.
Rc2 Qxc2 66. Kf1 Kg3 67. Ke1 Kf3 68. Kf1 Qf2# 0-1

[Event "ch-FRA Blitz Online Qual"]
[Site "Europe-Chess INT"]
[Date "2020.05.16"]
[Round "12"]
[White "Billot, Daniel"]
[Black "Assouane, Aksel"]
[Result "1/2-1/2"]
[WhiteElo "1679"]
[BlackElo "1238"]
[WhiteFideId "618004"]
[BlackFideId "45154708"]
[EventDate "2020.05.16"]

1. e4 e5 2. d4 exd4 3. c3 dxc3 4. Bc4 cxb2 5. Bxb2 Be7 6. Bxg7 Bf6 7. Bxh8 Bxh8
8. Qh5 Qe7 9. Qxh7 Qb4+ 10. Nd2 Bxa1 11. Qxf7+ Kd8 12. Qxg8+ Ke7 13. Qf7+ Kd8
14. Nf3 Bc3 15. O-O Nc6 16. Rb1 Qe7 17. Qg8+ Qe8 18. Qg5+ Qe7 19. Qg8+ Qe8 1/2-1/2

[Event "ch-FRA Blitz Online Qual"]
[Site "Europe-Chess INT"]
[Date "2020.05.16"]
[Round "12"]
[White "Sepahpour, Shervine"]
[Black "Garde, Guillaume"]
[Result "0-1"]
[WhiteElo "1398"]
[BlackElo "1716"]
[WhiteFideId "45150478"]
[BlackFideId "45138273"]
[EventDate "2020.05.16"]

1. d4 d5 2. c4 dxc4 3. e3 a6 4. Bxc4 Nf6 5. Nf3 b5 6. Bb3 Bb7 7. Nc3 e6 8. O-O
Be7 9. Ne5 O-O 10. f4 c5 11. Bc2 Nbd7 12. g4 Qc7 13. g5 Nd5 14. Qh5 g6 15. Nxg6
fxg6 16. Bxg6 N5f6 17. Qh3 hxg6 18. Qxe6+ Rf7 19. gxf6 Nxf6 20. f5 Qc6 21. Qxc6
Bxc6 22. fxg6 Rg7 23. Kf2 Rxg6 24. Bd2 Rf8 25. Ke2 b4 26. Nd1 Bb5+ 27. Ke1 Bxf1
28. Kxf1 cxd4 29. exd4 Ne4+ 30. Ke2 Rg2+ 31. Ke3 Nxd2 32. b3 Rf1 33. Nf2 Rxa1
34. Kxd2 Rxf2+ 35. Ke3 Raxa2 36. Kd3 Rac2 37. d5 Bd6 38. h4 Rfe2 39. h5 Kh7 40.
h6 Kxh6 41. Kd4 a5 42. Kd3 a4 43. Kd4 a3 44. Kd3 a2 45. Kd4 a1=Q+ 46. Kd3 Qc3# 0-1

[Event "ch-FRA Blitz Online Qual"]
[Site "Europe-Chess INT"]
[Date "2020.05.16"]
[Round "12"]
[White "Moeller, Joshua"]
[Black "Perolini, Cedric"]
[Result "0-1"]
[WhiteElo "1469"]
[BlackElo "1706"]
[WhiteFideId "45167834"]
[BlackFideId "20692773"]
[EventDate "2020.05.16"]

1. d4 e5 2. dxe5 Nc6 3. Nf3 Qe7 4. Nc3 Nxe5 5. e4 c6 6. Bf4 Nxf3+ 7. Qxf3 Qf6 8.
O-O-O Bb4 9. g3 g5 10. Bd2 Qxf3 11. Bc4 Bxc3 12. Bxc3 f6 13. e5 Qxf2 14. Rhf1
Qe3+ 15. Kb1 b5 16. exf6 bxc4 17. f7+ Kf8 18. Rde1 Qxe1+ 19. Rxe1 Ne7 20. Bxh8
Kxf7 21. c3 d5 22. Bd4 Bf5+ 23. Kc1 Be4 24. Kd2 a5 25. Rf1+ Kg8 26. Ke3 Rf8 27.
Re1 Nf5+ 28. Ke2 Nxd4+ 29. cxd4 Rf3 30. g4 Rd3 31. Rf1 Rxd4 32. Rf6 Bd3+ 33. Ke3
Re4+ 34. Kf3 Rf4+ 35. Rxf4 gxf4 36. Kxf4 Kf7 37. Ke5 Ke7 38. h4 a4 39. a3 Bc2
40. g5 Bg6 41. Kd4 Kd6 42. Ke3 Ke5 43. Kf3 d4 44. Ke2 Ke4 45. Kd2 Bh5 46. Kc2
Ke3 47. Kc1 Ke2 48. Kc2 Bg6+ 49. Kc1 d3 50. h5 d2# 0-1

[Event "ch-FRA Blitz Online Qual"]
[Site "Europe-Chess INT"]
[Date "2020.05.16"]
[Round "12"]
[White "Hadida, Simon"]
[Black "Falip Morales, Tom"]
[Result "1-0"]
[WhiteElo "1900"]
[BlackElo "1344"]
[WhiteFideId "45132925"]
[BlackFideId "45181764"]
[EventDate "2020.05.16"]

1. e4 e6 2. d4 d5 3. Nc3 Nf6 4. Bg5 Bb4 5. e5 h6 6. Bd2 Bxc3 7. bxc3 Ne4 8. Nf3
c5 9. Be2 Nc6 10. O-O O-O 11. Rb1 b6 12. Bb5 Bb7 13. Qe1 Nxd2 14. Qxd2 Rc8 15.
Bd3 cxd4 16. cxd4 Na5 17. Qf4 Nc4 18. c3 Qe7 19. Nd2 f6 20. Nxc4 dxc4 21. Bc2
Qd7 22. Rbe1 Qd5 23. f3 fxe5 24. Qxe5 Qxe5 25. Rxe5 Bd5 26. Rfe1 Rf6 27. Ba4 Rc7
28. Kf2 a6 29. Be8 g6 30. Ba4 b5 31. Bc2 Kf7 32. Rb1 g5 33. a4 g4 34. Re3 Rb7
35. axb5 axb5 36. Ke2 gxf3+ 37. gxf3 Kf8 38. Be4 Ke7 39. Bxd5 Kd6 40. Bxc4 Rg6
41. Rxb5 Rbg7 42. Rbe5 Rg2+ 43. Kd3 Rg1 44. Rxe6+ Kd7 45. Bb5+ Kc7 46. Re7+ Rxe7
47. Rxe7+ Kd6 48. Rd7+ Ke6 49. Rh7 Rd1+ 50. Kc4 Rf1 51. Rxh6+ Kf7 52. d5 Rxf3
53. d6 Rf1 54. d7 Rd1 55. Rh7+ Ke6 56. Rh8 Re1 57. d8=Q Kf5 58. Rf8+ Kg6 59.
Qf6+ Kh5 60. Rh8+ Kg4 61. Rh4# 1-0

[Event "ch-FRA Blitz Online Qual"]
[Site "Europe-Chess INT"]
[Date "2020.05.16"]
[Round "12"]
[White "Mecili, Nabil"]
[Black "Dazi, Adam"]
[Result "1/2-1/2"]
[WhiteElo "1688"]
[BlackElo "1336"]
[WhiteFideId "618420"]
[BlackFideId "45106959"]
[EventDate "2020.05.16"]

1. e4 e5 2. Nf3 Nc6 3. Bc4 Be7 4. d4 d6 5. dxe5 dxe5 6. Qxd8+ Bxd8 7. Nc3 Nf6 8.
Bb5 Bd7 9. Bxc6 Bxc6 10. Nxe5 Bxe4 11. Nxe4 Nxe4 12. f3 Nd6 13. O-O O-O 14. b3
Bf6 15. Bb2 Rfe8 16. f4 g5 17. Rae1 gxf4 18. Rxf4 Bxe5 19. Bxe5 Re6 20. Rg4+ Rg6
21. Rxg6+ fxg6 22. Bxd6 cxd6 23. Re7 b6 24. Rd7 Rc8 25. c4 Rc6 26. Rxa7 h6 27.
Kf2 Rc5 28. Rd7 Rf5+ 29. Ke3 Re5+ 30. Kd3 Re6 31. Rb7 Rf6 32. Rxb6 Rf2 33. g3
Rxa2 34. Rxd6 Kg7 35. h4 Rg2 36. Kc3 Rxg3+ 37. Rd3 Rg1 38. c5 g5 39. hxg5 hxg5
40. Kc4 g4 41. c6 g3 42. c7 Rc1+ 43. Rc3 Rxc3+ 44. Kxc3 g2 45. c8=Q g1=Q 46.
Qd7+ Kg6 47. Qd6+ Kf7 48. Qd5+ Ke7 49. Qe5+ Kd7 50. Qd4+ Qxd4+ 51. Kxd4 Kd6 52.
Kc4 Kc6 53. Kb4 Kb6 54. Kc4 Kc6 55. b4 Kb6 56. b5 Kb7 57. Kc5 Kc7 58. b6+ Kb7
59. Kb5 Kb8 60. Ka6 Ka8 61. Kb5 Kb7 62. Kc5 Kb8 63. Kc6 Kc8 64. Kd6 Kb7 65. Kc5 1/2-1/2